000 00610nam a2200229 i 4500
001 bgj
100 1 _aFRISCH, Max.
245 1 0 _aDie Chinesische Mauer :
_beine Farce ; (version für Paris, 1972) :
_cMax Frisch.
250 _a13. Aufl.
260 _aFrankfurt am Main :
_bSuhrkamp Verlag,
_c1979.
300 _a91, [1] s. ;
_c18 cm.
490 1 _aEdition Suhrkamp
_v65
650 9 _aDramat niemiecki
830 _aEdition Suhrkamp
020 _a3518100653
040 _cBPK
041 0 _ager
044 _aDEU
080 _a821.112.2-2
942 _cKS
008 s gw f |000 0 ger
999 _c49891
_d49891
856 _uhttp://koha.tu.koszalin.pl/cgi-bin/koha/opac-detail.pl?biblionumber=49891
_yKatalog online BPK